Geboren in Florenz - Statistiken

Allgemein
  • Dieses Quiz wurde 18 mal gespielt
    12 seit der letzten Aktualisierung
  • Das Durchschnittsergebnis liegt bei 5 aus 14
Antwortstatistiken
Hinweis Antwort % Korrekt
Navigator und Seefahrer, Namensgeber des Kontinets Amerika 1454 Amerigo Vespucci
73%
Gründer von Gucci 1881 Guccio Gucci
73%
Mitglied der Gucci-Familie, wurde von einem Auftragsmörder auf Wunsch seiner Frau getötet, dargestellt von Adam Driver in "House of Gucci" 1948 Maurizio Gucci
73%
Staatsphilosoph und Politiker, "Der Fürst" 1469 Niccolo Machiavelli
73%
Dichter und Schriftsteller, "Göttliche Komödie" 1265 Dante Alighieri
64%
Bankier und Politiker aus einer der mächtigsten Familien Europas 1449 Lorenzo de Medici
64%
italienischer Ministerpräsident von 2014 bis 2016 1975 Matteo Renzi
45%
Maler der Frührenaissance, "Die Geburt der Venus" 1445 Sandro Botticelli
45%
britische Krankenpflegerin und Reformerin der Gesundheitsfürsorge 1820 Florence Nightingale
18%
Schriftsteller, "Die Abenteuer des Pinocchio" 1826 Carlo Collodi
0%
Präsident des Europäischen Parlaments von 2019 bis zu seinem Tod 2022 1956 David Sassoli
0%
Bildhauer, "David" 1386 Donatello
0%
italienischer Ministerpräsident von 1995 bis 1996 1931 Lamberto Dini
0%
amerikanische Schauspielerin, "Charmed" "Death Proof" 1973 Rose McGowan
0%
Keine übereinstimmenden Quizze gefunden
Verteilung der Resultate
Anzahl Personen mit jedem Resultat
Perzentil nach korrekt beantworteten Fragen
Ihre Resultats-Entwicklung
Sie haben dieses Quiz seit der letzten Aktualisierung nicht gespielt